[Event "Australian Junior Championship 2017"]
[Site "?"]
[Date "2017.01.15"]
[Round "3.7"]
[White "Huang, Aaron"]
[Black "Chan, Jacob"]
[Result "0-1"]
[WhiteElo "683"]
[BlackElo "1315"]
[PlyCount "50"]
[EventDate "2017.01.16"]
[EventType "team-tourn"]
[SourceDate "2017.01.16"]

1. e4 c6 2. d4 d5 3. exd5 cxd5 4. c4 Nf6 5. Nc3 Nc6 6. Nf3 e6 7. Bg5 Be7 8. Be2
dxc4 9. Bxc4 O-O 10. O-O b6 11. Rc1 Bb7 12. a3 Rc8 13. Re1 Nxd4 14. Nxd4 Rxc4
15. Nce2 Qd5 16. f3 Rfc8 17. Qd2 Ne4 18. fxe4 Bxg5 19. exd5 Bxd2 20. Rxc4 Rxc4
21. Rd1 Be3+ 22. Kf1 Bxd5 23. Nf3 Rc2 24. Nc3 Bc4+ 25. Ke1 Bf2# 0-1

[Event "Australian Junior Championship U16 2017"]
[Site "?"]
[Date "2017.01.14"]
[Round "1.1"]
[White "Yap, Ignatius"]
[Black "Harris, Patrick"]
[Result "1-0"]
[WhiteElo "1865"]
[BlackElo "1169"]
[PlyCount "53"]
[EventDate "2017.01.16"]
[EventType "game"]
[SourceDate "2017.01.16"]

1. e4 c5 2. c3 e6 3. d4 d5 4. e5 Nc6 5. Nf3 f6 6. Bd3 Qc7 7. Bf4 Bd7 8. a3 Rc8
9. Bg3 Qb6 10. b4 cxb4 11. cxb4 a5 12. b5 Na7 13. a4 Bb4+ 14. Nbd2 Bc3 15. Rc1
Bxd4 16. O-O fxe5 17. Nxe5 Nf6 18. Ndf3 Bc5 19. Ng5 Bd6 20. Nef7 Bxg3 21. Rxc8+
Nxc8 22. Nxh8 Bf4 23. Nxh7 Ne7 24. Nxf6+ gxf6 25. Qh5+ Kd8 26. Nf7+ Kc7 27. Qh8
1-0

[Event "Australian Junior Championship U16 2017"]
[Site "?"]
[Date "2017.01.14"]
[Round "1.9"]
[White "Salasan, Haran"]
[Black "Vagionas, George"]
[Result "1-0"]
[WhiteElo "1535"]
[BlackElo "564"]
[PlyCount "73"]
[EventDate "2017.01.16"]
[EventType "game"]
[SourceDate "2017.01.16"]

1. d4 d5 2. c4 Nf6 3. cxd5 Nxd5 4. Nf3 Nc6 5. e4 Nf6 6. Nc3 Bg4 7. d5 Ne5 8.
Nxe5 Bxd1 9. Bb5+ Nd7 10. Bxd7+ Qxd7 11. Nxd7 Kxd7 12. Kxd1 Rd8 13. Bf4 f6 14.
Ke2 e5 15. dxe6+ Kxe6 16. Bxc7 Rd7 17. Nd5 f5 18. f3 Bd6 19. Bxd6 Rxd6 20. Nf4+
Ke5 21. Nd3+ Kf6 22. e5+ Ke6 23. exd6 Kxd6 24. f4 Re8+ 25. Ne5 Kd5 26. Kf3 g5
27. Rhd1+ Ke6 28. fxg5 Rg8 29. Kf4 h6 30. gxh6 Rxg2 31. h7 Rxh2 32. Rh1 Re2 33.
h8=Q Re4+ 34. Kg5 Rxe5 35. Qf6+ Kd5 36. Rad1+ Ke4 37. Rhe1+ 1-0

[Event "Australian Junior Championship U16 2017"]
[Site "?"]
[Date "2017.01.14"]
[Round "1.2"]
[White "Sarney, Jim"]
[Black "Hathiramani, Dillon"]
[Result "0-1"]
[WhiteElo "1135"]
[BlackElo "1835"]
[PlyCount "78"]
[EventDate "2017.01.16"]
[EventType "game"]
[SourceDate "2017.01.16"]

1. e4 d6 2. d4 Nf6 3. Nc3 g6 4. Nf3 Bg7 5. Bd3 O-O 6. h3 Nbd7 7. O-O e5 8. d5
Nc5 9. Be3 Ne8 10. Qd2 Nxd3 11. cxd3 c5 12. Bh6 Bd7 13. Bxg7 Kxg7 14. a4 h6 15.
Nh2 g5 16. Rae1 f5 17. exf5 Bxf5 18. Re3 Nf6 19. Qe2 Qd7 20. Rg3 Kh7 21. Ne4
Bxe4 22. dxe4 Qxa4 23. f3 Nh5 24. Rg4 Nf4 25. Qf2 Qd4 26. Kh1 Qxf2 27. Rxf2 b5
28. Nf1 a5 29. Ne3 a4 30. Nf5 Rfd8 31. h4 Kg6 32. g3 Nd3 33. Rh2 a3 34. hxg5 h5
35. Nh4+ Kf7 36. g6+ Kg8 37. Nf5 axb2 38. Nh6+ Kg7 39. Nf5+ Kf6 0-1

[Event "Australian Junior Championship U16 2017"]
[Site "?"]
[Date "2017.01.16"]
[Round "4.3"]
[White "Yang, Gordon"]
[Black "Manuneedhi, Kabilan"]
[Result "1-0"]
[WhiteElo "1663"]
[BlackElo "1349"]
[PlyCount "93"]
[EventDate "2017.01.16"]
[EventType "game"]
[SourceDate "2017.01.16"]

1. e4 c5 2. Nf3 e6 3. Nc3 Nc6 4. Bb5 d6 5. d4 a6 6. Bxc6+ bxc6 7. dxc5 d5 8.
Be3 Qa5 9. Qd4 Rb8 10. exd5 Rxb2 11. O-O exd5 12. Nxd5 Rb7 13. Qe5+ Be6 14. Nf4
Re7 15. Rab1 Bc8 16. Qd4 Nf6 17. Bd2 Qc7 18. Rfe1 Bf5 19. Ba5 Qc8 20. Rxe7+
Bxe7 21. Qe5 Nd7 22. Qxf5 O-O 23. Rd1 Nxc5 24. Qxc8 Rxc8 25. g3 g5 26. Nd3 Ne6
27. Nde5 f6 28. Nc4 Kf8 29. Rd7 Nc5 30. Rc7 Rxc7 31. Bxc7 Ke8 32. Bd6 Bxd6 33.
Nxd6+ Kd7 34. Nc4 Ke6 35. Kf1 g4 36. Nfd2 h5 37. Ke2 Na4 38. Ke3 Nc3 39. a3
Nd1+ 40. Ke2 Nc3+ 41. Kd3 Na4 42. Ne4 f5 43. Nc3 Nc5+ 44. Kd4 Nd7 45. Na4 Nf8
46. Nc5+ Kf6 47. Nxa6 1-0

[Event "Australian Junior Championship U16 2017"]
[Site "?"]
[Date "2017.01.14"]
[Round "1.7"]
[White "Au, Alexander"]
[Black "Ilka, Alexander"]
[Result "1-0"]
[WhiteElo "1612"]
[BlackElo "617"]
[PlyCount "72"]
[EventType "swiss"]
[EventRounds "4"]
[SourceDate "2017.01.16"]

1. e4 e5 2. Nf3 Nc6 3. d4 d6 4. Bc4 Nf6 5. dxe5 Nxe5 6. Nxe5 dxe5 7. Qxd8+ Kxd8
8. Nc3 Bb4 9. Bg5 Ke7 10. O-O Bxc3 11. bxc3 h6 12. Bxf6+ Kxf6 13. f4 Be6 14.
Bxe6 Kxe6 15. fxe5 Rhf8 16. Rae1 Rad8 17. Rd1 Rxd1 18. Rxd1 f6 19. exf6 Rxf6
20. Rd8 Rf7 21. g3 Ke5 22. Rd4 Rf3 23. Rc4 Rxc3 24. Rxc3 c6 25. Kf2 Kxe4 26.
Re3+ Kd4 27. Ke2 b5 28. Kd2 a5 29. Re7 c5 30. Rxg7 c4 31. Rh7 b4 32. Rxh6 c3+
33. Kc1 a4 34. Ra6 a3 35. h4 Ke5 36. Rb6 Kf5 1-0

[Event "Australian Junior Championship U16 2017"]
[Site "?"]
[Date "2017.01.14"]
[Round "1.6"]
[White "Huang, Aaron"]
[Black "Yang, Gordon"]
[Result "0-1"]
[WhiteElo "683"]
[BlackElo "1663"]
[PlyCount "50"]
[EventType "swiss"]
[EventRounds "4"]
[SourceDate "2017.01.16"]

1. d4 d5 2. c4 c5 3. dxc5 d4 4. e3 e5 5. Nf3 Nc6 6. g3 Bxc5 7. a3 a5 8. exd4
exd4 9. Bf4 Nf6 10. Nbd2 O-O 11. Nb3 Re8+ 12. Be2 d3 13. Nxc5 Rxe2+ 14. Kf1 Bg4
15. Kg2 Nd4 16. Nxd4 Qxd4 17. Nxd3 Rxf2+ 18. Nxf2 Bxd1 19. Rhxd1 Qxc4 20. Rac1
Qb5 21. Rd2 h6 22. Rcc2 Re8 23. Bd6 Re1 24. Nd3 Qd5+ 25. Kh3 Qf5+ 0-1

[Event "Australian Junior Championship U16 2017"]
[Site "?"]
[Date "2017.01.14"]
[Round "1.10"]
[White "Odenthal, Dylan"]
[Black "Chan, Jacob"]
[Result "0-1"]
[WhiteElo "344"]
[BlackElo "1315"]
[PlyCount "71"]
[EventType "swiss"]
[EventRounds "4"]
[SourceDate "2017.01.16"]

1. d4 d5 2. Bf4 Nf6 3. Nf3 e6 4. Nc3 c5 5. e3 Nc6 6. Bb5 Be7 7. O-O O-O 8. Bxc6
bxc6 9. Qd3 a5 10. Rae1 Ba6 11. Qd2 Bxf1 12. Rxf1 a4 13. a3 Qb6 14. Qd3 c4 15.
Qe2 Qxb2 16. Nb1 Bxa3 17. Nxa3 Qxa3 18. Ne5 c5 19. Bg5 cxd4 20. exd4 Ne4 21. f3
Nxg5 22. h4 f6 23. hxg5 fxe5 24. Qxe5 Qe7 25. Re1 a3 26. c3 a2 27. Ra1 Rfb8 28.
f4 Rb1+ 29. Rxb1 axb1=Q+ 30. Kf2 Ra2+ 31. Kf3 Qd3+ 32. Qe3 Qxe3+ 33. Kxe3 Qa3
34. f5 Qxc3+ 35. Kf4 Rf2+ 36. Ke5 0-1

[Event "Australian Junior Championship U16 2017"]
[Site "?"]
[Date "2017.01.14"]
[Round "1.3"]
[White "Ostapenko, Michael"]
[Black "Gooch, Aryn"]
[Result "1-0"]
[WhiteElo "1777"]
[BlackElo "1074"]
[PlyCount "131"]
[EventType "swiss"]
[EventRounds "4"]
[SourceDate "2017.01.16"]

1. e4 e5 2. Nf3 Nc6 3. Bc4 Bc5 4. c3 Nf6 5. d4 exd4 6. cxd4 Bb4+ 7. Bd2 Nxe4 8.
Bxb4 Nxb4 9. Bxf7+ Kxf7 10. Qb3+ d5 11. Ne5+ Ke8 12. Qxb4 c6 13. Nc3 Qd6 14.
Qxd6 Nxd6 15. O-O Bf5 16. g4 Be4 17. f3 Bg6 18. Rae1 Kd8 19. Nxg6 hxg6 20. Re6
Kd7 21. Rxg6 Rhg8 22. Re1 Raf8 23. Kg2 Rf7 24. b3 a6 25. Re3 Rf6 26. Rxf6 gxf6
27. h4 Nf5 28. Rd3 Nxh4+ 29. Kg3 Ng6 30. Ne2 f5 31. Nf4 fxg4 32. fxg4 Ne7 33.
Nh5 Ke6 34. Rf3 Rc8 35. Rf6+ Kd7 36. b4 b6 37. Kf4 c5 38. Rxb6 c4 39. Nf6+ Kc7
40. Re6 Kd8 41. Re2 c3 42. Rc2 Rc4 43. Ke5 Nc6+ 44. Kxd5 Nxb4+ 45. Kxc4 Nxc2
46. Kxc3 Ne3 47. Kd3 Ng2 48. Ke4 Ke7 49. Ke5 Ne3 50. Nd5+ Nxd5 51. Kxd5 Kf6 52.
Kc6 Kg5 53. d5 Kxg4 54. d6 Kf5 55. d7 Ke6 56. d8=Q Ke5 57. Qd5+ Kf4 58. Qg2 Ke3
59. Kd5 Kf4 60. Qe4+ Kg3 61. Qf5 Kg2 62. Qf4 Kh1 63. Qg4 Kh2 64. Ke4 Kh1 65.
Kf3 Kh2 66. Qg2# 1-0

[Event "Australian Junior Championship U16 2017"]
[Site "?"]
[Date "2017.01.14"]
[Round "1.4"]
[White "Rathnayake, Leron"]
[Black "Gooch, Heath"]
[Result "1-0"]
[WhiteElo "1003"]
[BlackElo "1750"]
[PlyCount "54"]
[EventType "swiss"]
[EventRounds "4"]
[SourceDate "2017.01.16"]

1. d4 d5 2. c4 c6 3. Nf3 Nf6 4. Nc3 dxc4 5. a4 Bf5 6. e3 e6 7. Bxc4 Bb4 8. Bd2
Nbd7 9. O-O O-O 10. Re1 Bg6 11. Qb3 a5 12. Rad1 Qc7 13. Ne2 Bxd2 14. Nxd2 e5
15. Bd3 Bxd3 16. Qxd3 exd4 17. Qxd4 Rfd8 18. Qc3 Nd5 19. Qc2 Nb4 20. Qc4 Ne5
21. Qf4 Nbd3 22. Qe4 Nxe1 23. Nd4 N1d3 24. f4 Nxb2 25. Rb1 Nbc4 26. Nxc4 Nxc4
27. Rd1 c5 1-0

[Event "Australian Junior Championship U16 2017"]
[Site "?"]
[Date "2017.01.14"]
[Round "1.5"]
[White "Slater-Jones, Henry"]
[Black "Mercado, Rover-Leigh"]
[Result "1-0"]
[WhiteElo "1693"]
[BlackElo "971"]
[PlyCount "81"]
[EventType "swiss"]
[EventRounds "4"]
[SourceDate "2017.01.16"]

1. d4 d5 2. c4 c6 3. Nc3 Nf6 4. cxd5 cxd5 5. Bg5 e6 6. e3 Nc6 7. Nf3 Be7 8. a3
a6 9. Rc1 Bd7 10. Bd3 Rc8 11. O-O O-O 12. Na4 Re8 13. Nc5 Qc7 14. Qc2 g6 15. b4
Kg7 16. Qb3 Ng4 17. Bf4 Bd6 18. Bxd6 Qxd6 19. Nxb7 Qc7 20. Nc5 f5 21. Bxa6 Rb8
22. Nxd7 Qxd7 23. Qa4 Rb6 24. Bb5 Rc8 25. h3 Nf6 26. Ne5 Qe7 27. Rxc6 Rbxc6 28.
Bxc6 Rc7 29. Qb3 Ne4 30. Ra1 Qh4 31. Qb2 g5 32. f3 Nd6 33. b5 Rc8 34. b6 Rb8
35. b7 Nc4 36. Nxc4 dxc4 37. a4 Qg3 38. a5 Qd6 39. Qb5 c3 40. Qe5+ Qxe5 41.
dxe5 1-0

[Event "Australian Junior Championship U16 2017"]
[Site "?"]
[Date "2017.01.14"]
[Round "1.8"]
[White "Waddell, Craig"]
[Black "Bayaca, Sterling"]
[Result "0-1"]
[WhiteElo "566"]
[BlackElo "1546"]
[PlyCount "90"]
[EventType "swiss"]
[EventRounds "4"]
[SourceDate "2017.01.16"]

1. d4 Nf6 2. c4 e6 3. Nc3 Bb4 4. Bf4 O-O 5. e3 d5 6. Bg5 Nbd7 7. a3 Bxc3+ 8.
bxc3 c6 9. Nf3 Qa5 10. Qc2 Ne4 11. Bd3 Qxc3+ 12. Qxc3 Nxc3 13. O-O h6 14. Bf4
dxc4 15. Bxc4 b5 16. Bd3 Bb7 17. Ne5 Nxe5 18. Bxe5 Rfd8 19. Bc7 Rd7 20. Ba5 Nd5
21. Rfc1 Nb6 22. Bb4 a5 23. Bc5 Na4 24. Be4 Rad8 25. Ba7 g6 26. Bc2 Nc3 27. Bd3
Nd5 28. Bc5 e5 29. a4 b4 30. Bc4 e4 31. Bxd5 Rxd5 32. h3 Ra8 33. Bb6 Ra6 34.
Bc5 Ra8 35. f3 exf3 36. gxf3 Rh5 37. Kg2 Bc8 38. Rh1 Be6 39. Rab1 Rb8 40. h4 b3
41. Rb2 f6 42. e4 Kf7 43. Kg3 g5 44. Rbh2 gxh4+ 45. Rxh4 Rg8+ 0-1

[Event "Australian Junior Championship U16 2017"]
[Site "?"]
[Date "2017.01.15"]
[Round "2.1"]
[White "Bayaca, Sterling"]
[Black "Yap, Ignatius"]
[Result "1-0"]
[WhiteElo "1546"]
[BlackElo "1865"]
[PlyCount "125"]
[EventType "swiss"]
[EventRounds "4"]
[SourceDate "2017.01.16"]

1. e4 c6 2. d4 d5 3. exd5 cxd5 4. Bd3 Nc6 5. c3 e6 6. Bf4 Bd6 7. Bg3 e5 8. dxe5
Bxe5 9. Nf3 Bxg3 10. hxg3 h6 11. O-O Nge7 12. Nbd2 Bg4 13. Qa4 Bd7 14. Qf4 Qb8
15. Nb3 Qxf4 16. gxf4 b6 17. Nbd4 a6 18. Rfe1 O-O 19. Ne5 Nxe5 20. Rxe5 Rfe8
21. Rae1 Nc6 22. Rxe8+ Bxe8 23. Rxe8+ Rxe8 24. Nxc6 Re1+ 25. Kh2 Rd1 26. Bxa6
Rd2 27. Kg3 Rxb2 28. Ne7+ Kf8 29. Nxd5 Rxa2 30. Bb5 Ra3 31. f3 Ra7 32. c4 Rb7
33. Kg4 g6 34. f5 Kg7 35. f6+ Kf8 36. Kf4 Rb8 37. Ke5 Ra8 38. Nxb6 Ra2 39. g3
Re2+ 40. Kf4 g5+ 41. Kg4 Rb2 42. Nd5 Rb3 43. Bc6 h5+ 44. Kxh5 Rxf3 45. g4 Rf1
46. Kxg5 Rc1 47. Bb5 Re1 48. Kf5 Rf1+ 49. Ke5 Rg1 50. Bd7 Rc1 51. Kd4 Kg8 52.
c5 Kh7 53. c6 Kg6 54. c7 Rxc7 55. Nxc7 Kxf6 56. Bf5 Kg5 57. Ke5 f6+ 58. Ke6 Kh6
59. Nd5 Kg5 60. Nxf6 Kh6 61. Kf7 Kg5 62. Nh7+ Kh6 63. g5+ 1-0

[Event "Australian Junior Championship U16 2017"]
[Site "?"]
[Date "2017.01.15"]
[Round "2.3"]
[White "Chan, Jacob"]
[Black "Ostapenko, Michael"]
[Result "0-1"]
[WhiteElo "1315"]
[BlackElo "1777"]
[PlyCount "52"]
[EventType "swiss"]
[EventRounds "4"]
[SourceDate "2017.01.16"]

1. e4 e6 2. d4 d5 3. Nd2 Nf6 4. e5 Nfd7 5. c3 c5 6. Bd3 cxd4 7. cxd4 Nc6 8. Ne2
f6 9. exf6 Nxf6 10. O-O Bd6 11. Nf3 O-O 12. Re1 Bd7 13. Nf4 Ne4 14. Bxe4 Bxf4
15. Bxf4 Rxf4 16. Bd3 Qf6 17. Ne5 Rd8 18. Qh5 g6 19. Nxd7 Rxd7 20. Qh3 Nxd4 21.
f3 Re7 22. Rac1 Kg7 23. Rc8 Nxf3+ 24. gxf3 Rxf3 25. Qg4 Rxd3 26. Qe2 Qg5+ 0-1

[Event "Australian Junior Championship U16 2017"]
[Site "?"]
[Date "2017.01.15"]
[Round "2.5"]
[White "Ginovic, Aleksy"]
[Black "Slater-Jones, Henry"]
[Result "0-1"]
[WhiteElo "1224"]
[BlackElo "1693"]
[PlyCount "78"]
[EventType "swiss"]
[EventRounds "4"]
[SourceDate "2017.01.16"]

1. d4 Nf6 2. c4 g6 3. Nc3 Bg7 4. e4 d6 5. f3 O-O 6. Nge2 c5 7. Be3 cxd4 8. Nxd4
Bd7 9. Qd2 Nc6 10. Nc2 Rc8 11. O-O-O Qa5 12. Be2 Ne8 13. c5 Bxc3 14. Qxc3 Qxc3
15. bxc3 Be6 16. cxd6 Nxd6 17. Kb1 b6 18. Nd4 Nxd4 19. cxd4 Bxa2+ 20. Ka1 Bc4
21. Bxc4 Nxc4 22. Rd3 Nxe3 23. Rxe3 Rc2 24. g3 Rd2 25. Ra3 a5 26. d5 f5 27.
exf5 Rxf5 28. Re3 Rfxd5 29. Rxe7 Rd1+ 30. Rxd1 Rxd1+ 31. Kb2 Rd2+ 32. Kc3 Rxh2
33. f4 Rh5 34. Re3 Kf7 35. g4 Rb5 36. Kc4 Rb4+ 37. Kd3 Rb3+ 38. Kd4 Rxe3 39.
Kxe3 a4 0-1

[Event "Australian Junior Championship U16 2017"]
[Site "?"]
[Date "2017.01.15"]
[Round "2.10"]
[White "Gooch, Aryn"]
[Black "Odenthal, Dylan"]
[Result "1-0"]
[WhiteElo "1074"]
[BlackElo "344"]
[PlyCount "39"]
[EventType "swiss"]
[EventRounds "4"]
[SourceDate "2017.01.16"]

1. e4 g6 2. d4 c5 3. Nf3 Bg7 4. Nc3 Nf6 5. Bc4 e6 6. Be3 Nc6 7. dxc5 Qa5 8. O-O
b5 9. cxb6 axb6 10. h3 b5 11. Bxb5 Nxe4 12. Bxc6 Nxc3 13. bxc3 Bxc3 14. Bxa8
Qxa8 15. Rb1 Qxa2 16. Bd4 Ba6 17. Bxc3 Bxf1 18. Bxh8 Be2 19. Bf6 Bxd1 20. Rb8#
1-0

[Event "Australian Junior Championship U16 2017"]
[Site "?"]
[Date "2017.01.15"]
[Round "2.4"]
[White "Gooch, Heath"]
[Black "Salasan, Haran"]
[Result "1-0"]
[WhiteElo "1750"]
[BlackElo "1535"]
[PlyCount "93"]
[EventType "swiss"]
[EventRounds "4"]
[SourceDate "2017.01.16"]

1. e4 e5 2. Nf3 Nc6 3. d4 exd4 4. Nxd4 Qh4 5. Nc3 Bb4 6. Be2 Qxe4 7. Ndb5 Bxc3+
8. bxc3 Kd8 9. O-O Nf6 10. Nd4 Nxd4 11. cxd4 d6 12. c4 Qg6 13. Qb3 Rb8 14. c5
d5 15. Bf3 Be6 16. Qa4 a6 17. Bf4 Bd7 18. Qa5 Rc8 19. Rfe1 Re8 20. Rxe8+ Bxe8
21. Re1 Bc6 22. h4 Ne4 23. Bxe4 dxe4 24. Qd2 h6 25. d5 Bb5 26. d6 cxd6 27. Bxd6
Ke8 28. Qd4 Bc6 29. Qe5+ Qe6 30. Qxg7 Kd7 31. f3 e3 32. Qd4 e2 33. Be5+ Bd5 34.
Rxe2 Qc6 35. Qg4+ Qe6 36. Qa4+ Qc6 37. Qg4+ Qe6 38. Qd4 Qc6 39. Bd6 Re8 40.
Rxe8 Kxe8 41. Qh8+ Kd7 42. Qxh6 Qa4 43. Qf6 Qd1+ 44. Kh2 Bxa2 45. Qe7+ Kc6 46.
Qe8+ Kd5 47. Qe4# 1-0

[Event "Australian Junior Championship U16 2017"]
[Site "?"]
[Date "2017.01.15"]
[Round "2.8"]
[White "Harris, Patrick"]
[Black "Waddell, Craig"]
[Result "1/2-1/2"]
[WhiteElo "1169"]
[BlackElo "566"]
[PlyCount "154"]
[EventType "swiss"]
[EventRounds "4"]
[SourceDate "2017.01.16"]

1. e4 c5 2. Nf3 Nc6 3. d4 cxd4 4. Nxd4 Nf6 5. Nc3 e5 6. Nb3 d6 7. Bg5 Be7 8.
Bc4 O-O 9. Qd2 a6 10. Rd1 Ne8 11. Bxe7 Qxe7 12. Nd5 Qd8 13. O-O b5 14. Be2 Bb7
15. f4 Ne7 16. fxe5 dxe5 17. Bf3 Rc8 18. Qe2 Nd6 19. Rd2 Nxd5 20. exd5 Nc4 21.
Rdd1 Qb6+ 22. Kh1 Ne3 23. Qf2 Rxc2 24. Rd2 Rxd2 25. Nxd2 Nc4 26. Nxc4 Qxf2 27.
Rxf2 bxc4 28. Rc2 Rc8 29. d6 Bxf3 30. gxf3 f6 31. b3 Rd8 32. bxc4 Rxd6 33. Kg2
Kf7 34. Kf2 Ke6 35. Ke3 Rc6 36. Kd3 g5 37. Rb2 h5 38. h3 h4 39. a4 Rd6+ 40. Kc3
Kd7 41. a5 Kc7 42. Rb3 f5 43. Kb4 Rc6 44. Re3 Re6 45. Kc5 e4 46. Kd5 exf3 47.
Rxf3 g4 48. Rxf5 Rd6+ 49. Kc5 gxh3 50. Rf7+ Rd7 51. Rf2 Rd3 52. Rf4 Ra3 53. Kb4
Rd3 54. Rxh4 Kc6 55. Rh6+ Kb7 56. Kc5 Ra3 57. Rh7+ Kc8 58. Kc6 Kd8 59. Kb6 Rb3+
60. Kxa6 Kc8 61. c5 Kb8 62. c6 Kc8 63. Ka7 Kd8 64. a6 Kc8 65. c7 Rc3 66. Kb6
Rb3+ 67. Ka7 Rc3 68. Kb6 Rb3+ 69. Ka7 Rc3 70. Kb6 Rb3+ 71. Kc6 Rc3+ 72. Kd6
Rd3+ 73. Ke6 Rd6+ 74. Kf5 h2 75. Rxh2 Kxc7 76. Ra2 Kb8 77. Kg5 Ka7 1/2-1/2

[Event "Australian Junior Championship U16 2017"]
[Site "?"]
[Date "2017.01.15"]
[Round "2.9"]
[White "Ilka, Alexander"]
[Black "Sarney, Jim"]
[Result "0-1"]
[WhiteElo "617"]
[BlackElo "1135"]
[PlyCount "86"]
[EventType "swiss"]
[EventRounds "4"]
[SourceDate "2017.01.16"]

1. e4 c5 2. Nf3 g6 3. Nc3 Bg7 4. d4 cxd4 5. Nxd4 Nc6 6. Nxc6 bxc6 7. Bc4 Bb7 8.
Qf3 e6 9. O-O Ne7 10. Bg5 d5 11. exd5 cxd5 12. Bb5+ Kf8 13. Rfe1 Qb6 14. Bd7
Bc8 15. Bxc8 Nxc8 16. Re2 Qxb2 17. Rb1 Qxc3 18. Qxc3 Bxc3 19. Rb3 Bg7 20. Rf3
Rb8 21. h3 Rb6 22. Bd8 Ra6 23. a3 Ke8 24. Bg5 h6 25. Bd2 Bf8 26. Bc1 Nd6 27.
Bb2 Rg8 28. Rd3 Ne4 29. f3 Bc5+ 30. Kf1 Ng3+ 31. Ke1 Nxe2 32. Kxe2 Kd7 33. c4
d4 34. Rb3 Rb6 35. Rb5 Rxb5 36. cxb5 Rb8 37. a4 a6 38. Bc1 axb5 39. axb5 Rxb5
40. Bxh6 Rb2+ 41. Ke1 d3 42. Bc1 Rb1 43. Kd1 Be3 0-1

[Event "Australian Junior Championship U16 2017"]
[Site "?"]
[Date "2017.01.15"]
[Round "2.11"]
[White "Vagionas, George"]
[Black "Rathnayake, Leron"]
[Result "0-1"]
[WhiteElo "564"]
[BlackElo "1003"]
[PlyCount "118"]
[EventType "swiss"]
[EventRounds "4"]
[SourceDate "2017.01.16"]

1. d4 Nf6 2. c4 e6 3. Nc3 Bb4 4. Bd2 c5 5. e3 O-O 6. Nf3 Nc6 7. Qc2 d5 8. a3
Ba5 9. Nb5 Bxd2+ 10. Qxd2 a6 11. Nc3 Rb8 12. Be2 cxd4 13. exd4 Bd7 14. O-O Ne7
15. Rac1 dxc4 16. Bxc4 b5 17. Bb3 Bc6 18. Ne5 Qb6 19. Ne2 Rbc8 20. Rc3 Ne4 21.
Qd3 Nxc3 22. Nxc3 b4 23. Na4 Bxa4 24. Bxa4 bxa3 25. Nd7 Qa5 26. Qxa3 Rfd8 27.
b4 Qc7 28. Nc5 Rxd4 29. Nxa6 Qc4 30. Bb3 Qb5 31. Ra1 Ra8 32. Ra2 Rd6 33. Nc7
Rxa3 34. Rxa3 Qb8 35. Ra8 Qxa8 36. Nxa8 Rd8 37. Nb6 Rb8 38. Nd7 Rxb4 39. Bc2
Rc4 40. Bd3 Rc1+ 41. Bf1 Nf5 42. g3 h5 43. Kg2 h4 44. gxh4 Nxh4+ 45. Kg1 Nf3+
46. Kg2 Nxh2 47. Be2 Rc2 48. Bd1 Rd2 49. Bh5 Rxd7 50. Kxh2 Re7 51. Kg3 g6 52.
Bf3 f5 53. Be2 e5 54. Kf3 g5 55. Kg2 Kg7 56. Kg3 e4 57. f3 e3 58. f4 g4 59. Kg2
Re4 0-1

[Event "Australian Junior Championship U16 2017"]
[Site "?"]
[Date "2017.01.16"]
[Round "2.2"]
[White "Hathiramani, Dillon"]
[Black "Au, Alexander"]
[Result "1-0"]
[WhiteElo "1835"]
[BlackElo "1612"]
[PlyCount "105"]
[EventType "swiss"]
[EventRounds "4"]
[SourceDate "2017.01.16"]

1. Nf3 d5 2. d4 Nf6 3. Bf4 Bf5 4. e3 e6 5. c4 c6 6. Nc3 Nbd7 7. Qb3 Qb6 8. c5
Qxb3 9. axb3 Be7 10. b4 O-O 11. b5 Nh5 12. bxc6 bxc6 13. b4 Nxf4 14. exf4 Bf6
15. Kd2 Rfb8 16. Ra4 Rb7 17. Ba6 Rc7 18. Rha1 h6 19. R1a3 g5 20. Ke3 gxf4+ 21.
Kxf4 Re8 22. Bf1 Bg6 23. Ne5 Nxe5 24. dxe5 Bg5+ 25. Kg3 f5 26. f4 Be7 27. Rxa7
Rxa7 28. Rxa7 Kf8 29. Ne2 Rb8 30. Ra4 Be8 31. Nd4 Kf7 32. Kf3 h5 33. Ke3 Bd7
34. Be2 h4 35. Bh5+ Kf8 36. Kd2 Rb7 37. Kc3 Kg7 38. Ra6 Rc7 39. Be2 Kf7 40. g3
hxg3 41. hxg3 Kg7 42. Bd1 Kf7 43. Ba4 Bf8 44. Bxc6 Bc8 45. Ra1 Be7 46. Bb5 Bf8
47. Ra2 Be7 48. Nc6 Bd7 49. Ra6 Bxc6 50. Bxc6 Bd8 51. Kd4 Ke7 52. Ba4 Rb7 53.
b5 1-0

[Event "Australian Junior Championship U16 2017"]
[Site "?"]
[Date "2017.01.15"]
[Round "3.4"]
[White "Au, Alexander"]
[Black "Bayaca, Sterling"]
[Result "0-1"]
[WhiteElo "1612"]
[BlackElo "1546"]
[PlyCount "70"]
[EventType "swiss"]
[EventRounds "4"]
[SourceDate "2017.01.16"]

1. e4 e5 2. Nf3 Nc6 3. d4 exd4 4. Bc4 Nf6 5. O-O d6 6. Nxd4 Be7 7. Nxc6 bxc6 8.
Nc3 O-O 9. h3 Be6 10. Bxe6 fxe6 11. Qe2 Qd7 12. b3 e5 13. Bb2 Qe8 14. Qc4+ Kh8
15. Ne2 Qd7 16. Ng3 d5 17. exd5 cxd5 18. Qe2 e4 19. Rad1 Qe6 20. Rfe1 c6 21.
Kh1 Bb4 22. Rf1 Bd6 23. Qd2 e3 24. Qe2 Bxg3 25. fxg3 c5 26. Bxf6 gxf6 27. Rd3
d4 28. c3 Rad8 29. Rfd1 Qe5 30. Qg4 Rg8 31. cxd4 Rxg4 32. dxe5 Rgd4 33. Rxe3
Rxd1+ 34. Kh2 Re8 35. e6 Rd5 0-1

[Event "Australian Junior Championship U16 2017"]
[Site "?"]
[Date "2017.01.15"]
[Round "3.11"]
[White "Ilka, Alexander"]
[Black "Harris, Patrick"]
[Result "0-1"]
[WhiteElo "617"]
[BlackElo "1169"]
[PlyCount "92"]
[EventType "swiss"]
[EventRounds "4"]
[SourceDate "2017.01.16"]

1. e4 c5 2. Nf3 Nc6 3. Nc3 Nf6 4. d4 cxd4 5. Nxd4 d6 6. Bb5 Bd7 7. Be3 e6 8.
Nxc6 Bxc6 9. Bxc6+ bxc6 10. Qd2 Be7 11. h3 Qc7 12. Bf4 O-O 13. O-O Nh5 14. Bg5
Bxg5 15. Qxg5 Nf6 16. f4 Qb6+ 17. Kh1 Qxb2 18. Ne2 Nxe4 19. Qg4 Nf2+ 20. Rxf2
Qxa1+ 21. Kh2 Qxa2 22. f5 exf5 23. Qxf5 Qe6 24. Qd3 a5 25. Nd4 Qd7 26. Qc3 Ra6
27. Nf5 f6 28. Qc4+ d5 29. Qxa6 Qc7+ 30. Kh1 Re8 31. Qf1 a4 32. Nd4 Qb6 33. Qa1
Qa5 34. Rf1 c5 35. Nb3 Qb5 36. Nd2 Re2 37. Qd1 Rxd2 38. Qxd2 Qxf1+ 39. Kh2 Qc4
40. Qa5 h6 41. Qd8+ Kh7 42. Qd7 Qxc2 43. Qxd5 a3 44. Kg1 a2 45. Kh2 a1=Q 46.
Kg3 Qe5+ 0-1

[Event "Australian Junior Championship U16 2017"]
[Site "?"]
[Date "2017.01.15"]
[Round "3.5"]
[White "Manuneedhi, Kabilan"]
[Black "Gooch, Heath"]
[Result "1/2-1/2"]
[WhiteElo "1260"]
[BlackElo "1750"]
[PlyCount "61"]
[EventType "swiss"]
[EventRounds "4"]
[SourceDate "2017.01.16"]

1. d4 d5 2. Nc3 Nf6 3. Bg5 Bf5 4. e3 Nbd7 5. Bd3 Bxd3 6. Qxd3 c6 7. Nf3 h6 8.
Bf4 Nh5 9. Be5 Nxe5 10. Nxe5 e6 11. O-O-O Qc7 12. h4 Bd6 13. Nf3 Nf6 14. e4
dxe4 15. Nxe4 Nxe4 16. Qxe4 O-O-O 17. Kb1 Kb8 18. Rd3 Rhe8 19. Rb3 Qd7 20. Qd3
e5 21. Qc3 exd4 22. Qxd4 Be5 23. Nxe5 Qxd4 24. Nxc6+ Kc7 25. Nxd4 Rxd4 26. Rd3
Rxd3 27. cxd3 Re2 28. Rc1+ Kd6 29. Rc2 Re1+ 30. Rc1 Re2 31. Rc2 1/2-1/2

[Event "Australian Junior Championship U16 2017"]
[Site "?"]
[Date "2017.01.15"]
[Round "3.2"]
[White "Ostapenko, Michael"]
[Black "Yang, Gordon"]
[Result "1/2-1/2"]
[WhiteElo "1777"]
[BlackElo "1663"]
[PlyCount "54"]
[EventType "swiss"]
[EventRounds "4"]
[SourceDate "2017.01.16"]

1. e4 c5 2. Nf3 e6 3. d4 cxd4 4. Nxd4 Nf6 5. Nc3 Nc6 6. Ndb5 Bb4 7. a3 Bxc3+ 8.
Nxc3 d5 9. exd5 exd5 10. Be2 d4 11. Na2 Bf5 12. Bg5 Qa5+ 13. Bd2 Qe5 14. O-O
O-O 15. Nc1 Rfe8 16. Re1 Ne4 17. Nd3 Qf6 18. Bf3 Nxd2 19. Qxd2 Bxd3 20. Bxc6
Qxc6 21. Qxd3 Rxe1+ 22. Rxe1 Qb6 23. b4 g6 24. g3 Rc8 25. Re4 Rc3 26. Qxd4 Qxd4
27. Rxd4 Rxa3 1/2-1/2